| 000 | 01450nam a2200361 i 4500 | ||
|---|---|---|---|
| 003 | CO-CtgCURN | ||
| 005 | 20260305234901.0 | ||
| 007 | ta | ||
| 007 | ta | ||
| 008 | 131205s2014 ck f b 000 0 spa d | ||
| 020 | _a9789588084190 | ||
| 040 |
_aCO-CtgCURN _bspa _ccoctgcurn |
||
| 043 | _as-ck--- | ||
| 082 | 0 | 4 |
_a613.37 _bC355 _221 |
| 100 | 1 | _aCastro Quintana, Carlota. | |
| 245 | 1 | 0 |
_aLineamientos para la formacion de enfermeria en salud mental en Colombia / _cCarlota Castro Quintana; Liliana Villarraga de Ramírez; Sara María Pérez Saenz; Maribel Pinilla Alarcon; Yolanda Muñoz Hernández; Gloria Urbano Franco. |
| 260 |
_aBogotá : _bAsociacion Colombiana de Facultades de Enfermeria. ACOFAEN, _c2014. |
||
| 300 |
_a42 paginas ; _c22 cm. |
||
| 336 | _2rdacontent | ||
| 337 |
_2rdamedia _asin mediacion _bn |
||
| 338 |
_2rdacarrier _avolumen _bnc |
||
| 504 | _aIncluye referencias bibliograficas pp 42. | ||
| 590 | _aCuidado de Enfermería a la persona con alteración de salud mental (Enfermería) | ||
| 650 | 1 | 4 |
_aEnfermeria _vEducación. _2LEMB |
| 700 | 1 | _aVillarraga de Ramírez, Liliana. | |
| 700 | 1 | _aPérez Saenz, Sara María. | |
| 700 | 1 | _aPinilla Alarcon, Maribel. | |
| 700 | 1 | _aMuñoz Hernández, Yolanda. | |
| 700 | 1 | _aUrbano Franco, Gloria. | |
| 942 |
_cBK _h613.37 _iC355 _2ddc |
||
| 999 |
_c21857 _d21857 |
||